El Agravio satisfecho / Castillo Solórzano
Descripción Física:
91 p. ; 25 cm
Otros Autores:
Sedó i Peris-Mencheta, Joan, 1908-1966
MARC
| LEADER | 00000nam a2200000Ia 4500 | ||
|---|---|---|---|
| 001 | 13876 | ||
| 008 | 160829s1943 xx 000 0 cat d | ||
| 080 | |a L-1-380 | ||
| 100 | |a Castillo Solórzano, Alonso de |9 30073 | ||
| 245 | |a El Agravio satisfecho / Castillo Solórzano | ||
| 260 | |a Barcelona : |b Imprenta - Escuela de la Casa Provincial de Caridad, |c 1943 | ||
| 300 | |a 91 p. ; |c 25 cm | ||
| 490 | |a Publicaciones Cervantinas / patrocinadas por Juan Sedó Peris-Mencheta ; 6 | ||
| 700 | 1 | |a Sedó i Peris-Mencheta, Joan, |d 1908-1966 |9 23966 | |
| 901 | |a Arxiu | ||
| 942 | |n 1 | ||
| 952 | |0 0 |1 0 |4 0 |6 L1380 |7 1 |9 45249 |a Arxiu |b Arxiu |d 2016-12-01 |l 0 |o L-1-380 |p 13876 |r 2016-12-01 00:00:00 |w 2016-12-01 |y ARXIU | ||
| 999 | |c 48323 |d 48323 | ||